000 00383nam a2200145Ia 4500
008 230711s9999||||xx |||||||||||||| ||und||
041 _aENG
082 _bRA-O
100 _aRaju,AAN
245 0 _aObjective question bank for library new syllabus
250 _a1st . Ed.
260 _c2002
_aNew Delhi
_bEss Ess Publication
650 _aLibrary and Information Science
942 _cBK
999 _c4219
_d4219